| 000 | 01379nam a22003017a 4500 | ||
|---|---|---|---|
| 001 | 2283 | ||
| 003 | FISKH | ||
| 005 | 20250221100358.0 | ||
| 008 | 231115b cb ||||| |||| 00| 0 eng d | ||
| 020 | _a9780545561228 | ||
| 040 |
_aFISKH _beng _cFISKH _dFISKH |
||
| 050 | _aPZ7.S68524 | ||
| 082 | _a813.54 | ||
| 100 | _aSobol, Donald J. | ||
| 245 |
_aEncyclopedia brown and his best cases ever / _cBy Donald J. Sobol ; illustrated by James Bernardin, Lillian Brandi, Leonard Shortall |
||
| 260 |
_aNew York : _bScholastic, _c2013. |
||
| 300 |
_a138 pages : _billustrations ; _c20 cm |
||
| 490 | _aEncyclopedia brown | ||
| 505 | _aQ | ||
| 520 | _aEncyclopedia solves mysteries for the neighborhood kids through his detective agency. But his dad is also the chief of police, and every night, Encyclopedia helps him solve his most baffling crimes. Join Encyclopedia Brown on fifteen of his toughest, most exciting cases ever, including a case of stolen diamonds, a skunk ape, a hit-run car, an Arctic explorer, and more. And with the clues given in each case, you can solve these mysteries, too! | ||
| 521 | 8 |
_a660
_bLexile |
|
| 521 | 8 |
_aQ
_bRaz-Plus |
|
| 650 |
_aCase _vJuvenile literature |
||
| 700 |
_aBernardin, James _eillustrator |
||
| 700 |
_aBrandi, Lillian _eillustrator |
||
| 700 |
_aShortall, Leonard _eillustrator |
||
| 942 |
_2ddc _cBK _n0 |
||
| 999 |
_c2283 _d2283 |
||